Statistics for Countries that Border the Red Sea

Click here to take the quiz!

General Stats

  • This quiz has been taken 47 times
    (29 since last reset)
  • The average score is 8 of 8

Answer Stats

Countries% Correct
Egypt
100%
Jordan
100%
Saudi Arabia
100%
Djibouti
96%
Israel
96%
Yemen
96%
Eritrea
89%
Sudan
86%

Score Distribution

Percentile by Number Answered

Percent of People with Each Score

Your Score History

You have not taken this quiz since the last reset